<?xml version="1.0" encoding="UTF-8"?><?xml-stylesheet type="text/xsl" href="static/style.xsl"?><OAI-PMH xmlns="http://www.openarchives.org/OAI/2.0/" xmlns:xsi="http://www.w3.org/2001/XMLSchema-instance" xsi:schemaLocation="http://www.openarchives.org/OAI/2.0/ http://www.openarchives.org/OAI/2.0/OAI-PMH.xsd"><responseDate>2026-04-17T00:15:17Z</responseDate><request verb="GetRecord" identifier="oai:www.recercat.cat:2072/472931" metadataPrefix="marc">https://recercat.cat/oai/request</request><GetRecord><record><header><identifier>oai:recercat.cat:2072/472931</identifier><datestamp>2025-05-08T15:03:13Z</datestamp><setSpec>com_2072_98</setSpec><setSpec>col_2072_378192</setSpec></header><metadata><record xmlns="http://www.loc.gov/MARC21/slim" xmlns:dcterms="http://purl.org/dc/terms/" xmlns:xsi="http://www.w3.org/2001/XMLSchema-instance" xmlns:doc="http://www.lyncode.com/xoai" xsi:schemaLocation="http://www.loc.gov/MARC21/slim http://www.loc.gov/standards/marcxml/schema/MARC21slim.xsd">
   <leader>00925njm 22002777a 4500</leader>
   <datafield ind2=" " ind1=" " tag="042">
      <subfield code="a">dc</subfield>
   </datafield>
   <datafield ind2=" " ind1=" " tag="720">
      <subfield code="a">Escobar-Ruiz, Valeria</subfield>
      <subfield code="e">author</subfield>
   </datafield>
   <datafield ind2=" " ind1=" " tag="720">
      <subfield code="a">Arias-Vázquez, Pedro I.</subfield>
      <subfield code="e">author</subfield>
   </datafield>
   <datafield ind2=" " ind1=" " tag="720">
      <subfield code="a">Tovilla-Zárate, Carlos A.</subfield>
      <subfield code="e">author</subfield>
   </datafield>
   <datafield ind2=" " ind1=" " tag="720">
      <subfield code="a">Doval Dieguez, Eduardo</subfield>
      <subfield code="e">author</subfield>
   </datafield>
   <datafield ind2=" " ind1=" " tag="720">
      <subfield code="a">Jané i Ballabriga, Maria del Claustre</subfield>
      <subfield code="e">author</subfield>
   </datafield>
   <datafield ind2=" " ind1=" " tag="260">
      <subfield code="c">2023</subfield>
   </datafield>
   <datafield ind2=" " ind1=" " tag="520">
      <subfield code="a">Altres ajuts: acords transformatius de la UAB</subfield>
   </datafield>
   <datafield ind2=" " ind1=" " tag="520">
      <subfield code="a">Objectives: Neurodevelopmental disorders present deficits in executive functions (EFs). Before 36 months old, EFs act as basic abilities that allow adequate executive functioning at later ages. Three basic EFs are assessable before the child reaches 36 months old: working memory, inhibition, and cognitive flexibility. This review aims to provide an overview of the progress and difficulties in assessing these three basic executive functions before children reach 36 months old. Methods: Four databases were systematically searched without time or language limitations. The selection process was done using a PRISMA flowchart for scoping reviews. Sixteen studies were included, all in English and published between 2004 and 2021. Results: Out of 277 studies, 16 met the inclusion criteria. The general data of the studies were summarized, such as sample age, type of study, measurement features, types of EFs assessed, task names, internal structure, reliability, and main contributions. The findings on available tasks and scales, factor structure, biological and environmental factors, and the variables influencing EFs before 36 months old are described. Conclusions: Multiple factors influenced the evolution of EFs. The unidimensional model seems to better explain EFs before 36 months old. Expanding psychometric research with large samples and studying samples of children with symptoms at risk for neurodevelopmental disorders may help to improve the measurement of EFs before 36 months old.</subfield>
   </datafield>
   <datafield ind2=" " ind1=" " tag="520">
      <subfield code="a">Objetivos: Los trastornos del neurodesarrollo presentan déficits en las funciones ejecutivas (FE). Antes de los 36 meses, las FE actúan como habilidades básicas que permiten un adecuado funcionamiento ejecutivo en edades posteriores. Antes de que el niño cumpla 36 meses pueden evaluarse tres FE básicas: memoria de trabajo, inhibición y flexibilidad cognitiva. Esta revisión pretende ofrecer una visión general de los avances y dificultades en la evaluación de estas tres funciones ejecutivas básicas antes de que los niños cumplan los 36 meses. Método: Se realizaron búsquedas sistemáticas en cuatro bases de datos sin limitaciones de tiempo ni de idioma. El proceso de selección se realizó utilizando un diagrama de flujo PRISMA para revisiones de alcance. Se incluyeron dieciséis estudios, todos en inglés y publicados entre 2004 y 2021. Resultados: De 277 estudios, 16 cumplieron los criterios de inclusión. Se resumieron los datos generales de los estudios, como edad de la muestra, tipo de estudio, características de medición, tipos de FE evaluados, nombres de las tareas, estructura interna, confiabilidad y principales contribuciones. Se describen los resultados referidos a las tareas y escalas disponibles, la estructura factorial, los factores biológicos y ambientales y las variables que influyen en las FE antes de los 36 meses. Conclusiones: Múltiples factores influyen en la evolución de las FE. El modelo unidimensional parece explicar mejor las FE antes de los 36 meses. Ampliar la investigación psicométrica con muestras grandes y estudiar muestras de niños con síntomas en riesgo de sufrir trastornos del desarrollo neurológico puede ayudar a mejorar la medición de las FE antes de los 36 meses.</subfield>
   </datafield>
   <datafield tag="653" ind2=" " ind1=" ">
      <subfield code="a">Executive functions</subfield>
   </datafield>
   <datafield tag="653" ind2=" " ind1=" ">
      <subfield code="a">Working memory</subfield>
   </datafield>
   <datafield tag="653" ind2=" " ind1=" ">
      <subfield code="a">Inhibition</subfield>
   </datafield>
   <datafield tag="653" ind2=" " ind1=" ">
      <subfield code="a">Cognitive flexibility</subfield>
   </datafield>
   <datafield tag="653" ind2=" " ind1=" ">
      <subfield code="a">Infant</subfield>
   </datafield>
   <datafield tag="653" ind2=" " ind1=" ">
      <subfield code="a">Toddlers</subfield>
   </datafield>
   <datafield ind2="0" ind1="0" tag="245">
      <subfield code="a">Advances and Challenges in the Assessment of Executive Functions in Under 36 Months : a Scoping Review</subfield>
   </datafield>
</record></metadata></record></GetRecord></OAI-PMH>